| 000 | 00627cam a22001931 4500 | ||
|---|---|---|---|
| 082 |
_a510.2462 _bCOO _cl-3, P-14. |
||
| 100 | 1 |
_aCooke, Nelson Magor. _939027 |
|
| 245 | 1 | 0 |
_aMathematics for electricians and radiomen, _cby Nelson M. Cooke ... |
| 250 | _a1st ed. | ||
| 260 |
_aNew York, _aLondon, _bMcGraw-Hill Book Company, inc., _c1942. |
||
| 300 |
_aviii, 604 p. _billus., diagrs. _c24 cm. |
||
| 500 | _a"Answers to problems": p. 549-604. | ||
| 526 |
_a0 _b0 _c0 _d510_246200000000000_COO |
||
| 650 | 0 | _aElectrical engineering. | |
| 650 | 0 | _aMathematics. | |
| 650 | 0 |
_aMCE _9379 |
|
| 650 | 0 |
_aRadio. _939028 |
|
| 942 |
_2ddc _cBK |
||
| 999 |
_c543608 _d543608 |
||